Wappen der Landeshauptstädte Deutschlands Quiz - Statistiken

Allgemein
  • Dieses Quiz wurde 203 mal gespielt
  • Das Durchschnittsergebnis liegt bei 12 aus 16
Antwortstatistiken
Bildquiz Antwort % Korrekt
Berlin
97%
Hamburg
88%
München
87%
Bremen
85%
Kiel
79%
Stuttgart
78%
Dresden
72%
Mainz
72%
Wiesbaden
72%
Potsdam
70%
Düsseldorf
68%
Saarbrücken
68%
Erfurt
66%
Hannover
64%
Magdeburg
62%
Schwerin
60%
Keine übereinstimmenden Quizze gefunden
Verteilung der Resultate
Anzahl Personen mit jedem Resultat
Perzentil nach korrekt beantworteten Fragen
Ihre Resultats-Entwicklung
Sie haben dieses Quiz noch nicht gespielt